00520nam a2200181Ia 4500008004100000020001500041082001800056100001900074245002800093250000600121260003400127300001500161500002400176650001600200942000700216952009800223999001700321230524s9999 xx 000 0 und d a8188114596 a621.3815bRAJ aP. Raja941962 0a"Digital Electronics, " a3 aNew DelhibUmesh Publi.c2007 a"IX,617p;" aQuantity Number: 1 aElectronics cBK 00104070aTATCLbTATCLcGENd2023-05-24l0o621.3815 RAJp53822r2023-05-24w2023-05-24yBK c56376d56376